[Event "POL-chT 2nd div South"]
[Site "Polanica Zdroj"]
[Date "1999.??.??"]
[Round "6"]
[White "Ograbek, Grzegorz"]
[Black "Pieprzka, Przemyslaw"]
[Result "1/2-1/2"]
[WhiteElo "2245"]
[BlackElo "2050"]
[PlyCount "40"]
[EventDate "1999.09.17"]
[EventType "team-swiss"]
[EventRounds "10"]
[EventCountry "POL"]
[SourceTitle "EXT 2001"]
[Source "ChessBase"]
[SourceDate "2000.11.22"]
[SourceVersion "1"]
[SourceVersionDate "2000.11.22"]
[SourceQuality "1"]
[WhiteTeam "POL-chT 2nd div South 09"]
[BlackTeam "POL-chT 2nd div South 14"]
[WhiteTeamCountry "POL"]
[BlackTeamCountry "POL"]

1. e4 e5 2. Nc3 Nc6 3. f4 d6 4. Nf3 Be7 5. Bc4 Nf6 6. 0-0 0-0 7. d4 Bg4 8. Be3 exd4 9. Bxd4 Nxe4 10. Nxe4 d5 11. Ng3 Nxd4 12. Qxd4 dxc4 13. Qxc4 Qd6 14. Ne5 Be6 15. Qe2 Bf6 16. Rfd1 Qb6+ 17. Kh1 Rad8 18. b3 g6 19. Ne4 Be7 20. c4 c5 1/2-1/2

[Event "POL-chT 2nd div South"]
[Site "Polanica Zdroj"]
[Date "1999.??.??"]
[Round "7"]
[White "Pieprzka, Przemyslaw"]
[Black "Juroszek, Tadeusz"]
[Result "0-1"]
[WhiteElo "2050"]
[BlackElo "2366"]
[PlyCount "40"]
[EventDate "1999.09.17"]
[EventType "team-swiss"]
[EventRounds "10"]
[EventCountry "POL"]
[SourceTitle "EXT 2001"]
[Source "ChessBase"]
[SourceDate "2000.11.22"]
[SourceVersion "1"]
[SourceVersionDate "2000.11.22"]
[SourceQuality "1"]
[WhiteTeam "POL-chT 2nd div South 14"]
[BlackTeam "POL-chT 2nd div South 18"]
[WhiteTeamCountry "POL"]
[BlackTeamCountry "POL"]

1. e4 d6 2. d4 Nf6 3. Bd3 e5 4. Ne2 exd4 5. Nxd4 g6 6. 0-0 Bg7 7. Nc3 Nc6 8. Be3 0-0 9. f3 Re8 10. Bc4 Ne5 11. Bb3 a6 12. Nde2 b5 13. Bg5 h6 14. Bxf6 Bxf6 15. Qd2 Bg7 16. Rad1 Nc4 17. Bxc4 bxc4 18. b3 cxb3 19. axb3 Bb7 20. Rfe1 a5 0-1

[Event "POL-chT 2nd div South"]
[Site "Polanica Zdroj"]
[Date "1999.??.??"]
[Round "5"]
[White "Popiolek, Hubert"]
[Black "Pieprzka, Przemyslaw"]
[Result "1-0"]
[WhiteElo "2190"]
[BlackElo "2050"]
[PlyCount "62"]
[EventDate "1999.09.17"]
[EventType "team-swiss"]
[EventRounds "10"]
[EventCountry "POL"]
[SourceTitle "EXT 2001"]
[Source "ChessBase"]
[SourceDate "2000.11.22"]
[SourceVersion "1"]
[SourceVersionDate "2000.11.22"]
[SourceQuality "1"]
[WhiteTeam "POL-chT 2nd div South 08"]
[BlackTeam "POL-chT 2nd div South 14"]
[WhiteTeamCountry "POL"]
[BlackTeamCountry "POL"]

1. d4 d5 2. Nf3 Nf6 3. Bg5 e6 4. e3 Be7 5. Bd3 Nbd7 6. Nbd2 c5 7. c3 Qb6 8. Rb1 0-0 9. 0-0 h6 10. Bh4 Qc7 11. Qe2 Re8 12. Rfe1 c4 13. Bc2 b5 14. e4 Bb7 15. e5 Nh7 16. Bxe7 Rxe7 17. Nh4 a5 18. f4 f5 19. exf6 Nhxf6 20. Ng6 Rf7 21. g4 Nh7 22. Rf1 Qd8 23. h4 Ndf8 24. g5 Nxg6 25. Bxg6 Re7 26. Rbe1 Nf8 27. Bb1 Rf7 28. Qg4 Qe8 29. gxh6 Bc8 30. Re5 Raa7 31. Kh2 Nh7 1-0